| 000 | 00362nam a2200121 a 4500 | ||
|---|---|---|---|
| 005 | 20201002061541.0 | ||
| 008 | 190510s2019 000 spa d | ||
| 020 | _a9789945590845 | ||
| 100 |
_aFaxas, Laura/ Guillemin, Claire _976393 |
||
| 245 | 0 | _aNuevas dinámicas sociopolíticas y jóvenes en el Caribe :. | |
| 260 |
_aSanto Domingo, _c2019. |
||
| 999 |
_c48455 _d48455 |
||
| 040 | _aDO-SdBNP | ||